000 00355pab a2200145 454500
008 180718b2005 xxu||||| |||| 00| 0 eng d
100 _aAnand, Meenu
245 _aWomen's reproductive health - dismal reality
260 _c2005
300 _ap.10-17.
362 _aApr
650 _aWomens health services
773 _aSocial Welfare
909 _a64663
999 _c64663
_d64663